LEADER 01210nam0-22003971i-450- 001 990005503740203316 005 20051215120000.0 035 $a000550374 035 $aUSA01000550374 035 $a(ALEPH)000550374USA01 035 $a000550374 100 $a20020518d2000-------|0itac50------ba 101 $aita 102 $aIT 105 $a|||| ||||| 200 1 $aElementi di matematica delle assicurazioni$fErmanno Pitacco 210 $aTrieste, LINT$d2000 215 $aVII, 350 p.; 24 cm 606 $aMatematica attuariale$2FI 606 $aAssicurazioni$xModelli matematici$2FI 620 $dTrieste 676 $a368.01$cAssicurazioni. Principi generali$v21 700 1$aPITACCO,$bErmanno$068761 712 $aLint 801 $aIT$bSOL$c20120104 912 $a990005503740203316 950 $aDIP.TO SCIENZE ECONOMICHE - (SA)$dDS 300 368.01 PIT$e12496 DISES 951 $aDIP.TO SCIENZE ECONOMICHE - (SA)$bDS2005 1F 20051005 951 $a300 368.01 PIT$b12496 DISES 959 $aBK 969 $aDISES 979 $c20121027$lUSA01$h1532 979 $c20121027$lUSA01$h1613 996 $aElementi di matematica delle assicurazioni$9507467 997 $aUNISA NUM $aUSA11153 LEADER 02373nam0 22004813i 450 001 VAN0177810 005 20230616091512.541 017 70$2N$a9789401773034 100 $a20210708d2016 |0itac50 ba 101 $aeng 102 $aNL 105 $a|||| ||||| 200 1 $aQuantum Theory: Informational Foundations and Foils$fGiulio Chiribella, Robert W. Spekkens editors 210 $aDordrecht$cSpringer$d2016 215 $avi, 528 p.$cill.$d24 cm 410 1$1001VAN0045513$12001 $aFundamental theories of physics$1210 $aDordrecht [etc.]$cKluwer. $1300 $aL'editore varia in: Springer$v181 500 1$3VAN0177811$aQuantum Theory: Informational Foundations and Foils$91820620 606 $a81-XX$xQuantum theory [MSC 2020]$3VANC019967$2MF 606 $a81P05$xGeneral and philosophical questions in quantum theory [MSC 2020]$3VANC023344$2MF 606 $a81P10$xLogical foundations of quantum mechanics; quantum logic (quantum-theoretic aspects) [MSC 2020]$3VANC023583$2MF 606 $a00B15$xCollections of articles of miscellaneous specific interest [MSC 2020]$3VANC023985$2MF 610 $aAlmost Quantum Theory$9KW:K 610 $aAxiomatization of Quantum Theory$9KW:K 610 $aFoundations of Quantum Theory$9KW:K 610 $aInformation Causality$9KW:K 610 $aInformation-theoretic postulates for Quantum Theory$9KW:K 610 $aMultipartite Non-locality$9KW:K 610 $aOperational Approaches to Quantum Theory$9KW:K 610 $aOptimal Information Transfer$9KW:K 610 $aQuantum correlations$9KW:K 610 $aQuasi-quantizations$9KW:K 620 $aNL$dDordrecht$3VANL000068 702 1$aChiribella$bGiulio$3VANV160080 702 1$aSpekkens$bRobert W.$3VANV160081 712 $aSpringer $3VANV108073$4650 801 $aIT$bSOL$c20240614$gRICA 856 4 $uhttp://doi.org/10.1007/978-94-017-7303-4$zE-book ? Accesso al full-text attraverso riconoscimento IP di Ateneo, proxy e/o Shibboleth 899 $aBIBLIOTECA DEL DIPARTIMENTO DI MATEMATICA E FISICA$1IT-CE0120$2VAN08 912 $fN 912 $aVAN0177810 950 $aBIBLIOTECA DEL DIPARTIMENTO DI MATEMATICA E FISICA$d08CONS e-book 2954 $e08eMF2954 20210708 996 $aQuantum Theory: Informational Foundations and Foils$91820620 997 $aUNICAMPANIA